00533nam a22001577a 450000500170000001000150001702000260003203500140005803700090007208200110008110000220009224500520011426000560016627001320022230000210035420250324123436.0 aENG-140145 c325.00a9789386537683 aEN-123677 bDBAD a332.68 aMaudodi Abul A'la aTowards Understanding IslamcAbul A'la Maududi aNew Delhi bMarkazi Maktaba Islami Publishersc2014 bnew DelhiaD- 307, Dawat nagar ,Abul Fazal Enclave ,jamia nagar ,okla ,new Delhie110025k+11- 26971652mmmipublisher@gmail.com a144p.c21cm(pbk)